| 000 | 04400nam a22004457a 4500 | ||
|---|---|---|---|
| 005 | 20120221165718.0 | ||
| 010 | _aB-446975-994 | ||
| 020 |
_a9788125036906 _c495.00 |
||
| 035 | _aB-446975-994 | ||
| 037 | _bBlue Berry/Ven | ||
| 082 | _a954.022 | ||
| 100 |
_aSarkar, Jadunath _943137 |
||
| 245 |
_aA short history of Aurangzib / _cby Jadunath Sarkar |
||
| 260 |
_aNew Delhi _bOrient Blackswan _c2011(Rep) |
||
| 270 |
_a1/24 Asaf Ali Road, _bNew Delhi _e110002 |
||
| 300 |
_a416p _c22cm(pbk) |
||
| 500 | _aIncludes index | ||
| 942 |
_2ddc _cEN _h954.022 _mSAR |
||
| 999 |
_c63300 _d63300 |
||